000 01228nam a2200325Mi 4500
001 twocrimesnovel00ibar
003 CaSfIA
005 20210119104614.0
007 cr||||
008 000510s1979 mau 000 0 eng d
040 _aGyGoGBV
_erakwb
_bger
_cGBVCP
_dCaSfIA
020 _a0879235209
020 _a9780879235208
035 _a(OCoLC)247738618
041 1 _aeng
_hspa
050 0 _aPQ7298.19.B3
082 0 0 _a863
100 1 _aIbargüengoitia, Jorge.
240 1 0 _aDos crímenes <engl.>.
245 1 0 _aTwo crimes :
_h[electronic resource]
_ba novel /
_cby Jorge Ibargüengoitia. Transl. by Asa Zatz.
250 _a1. ed.
260 _aBoston :
_bGodine [u.a.],
_c1979.
300 _a197 S.
500 _aAus dem Span. übers.
700 1 _aZatz, Asa.
856 4 1 _uhttp://www.archive.org/details/twocrimesnovel00ibar
_zFree eBook from the Internet Archive
942 _cEB
506 _fНеобхідна авторизація на https://archive.org/ (створення облікового запису безкоштовно)
506 _fНеобхідна авторизація на https://openlibrary.org/ (створення облікового запису безкоштовно)
999 _c560314
_d560314